{"text_format":"2","workbook":"xlsx","n_sheets":2,"sheets":["intrastat","Sheet"],"not_rendered":{"charts":0,"images":0,"macros":0,"external_links":0,"defined_names":1,"comments":0,"pivot_tables":0},"unopened":[],"bounds":{"document_bytes":16777216,"sheet_cells":100000,"run_cost":"one","rows_first":2000,"rows_last":500,"rows_between":2000,"halvings":0,"cell_chars":16384,"cell_head_chars":4096},"cells_cut":0,"cells_raw":0,"read":"whole","date_system":"1900"}

{"sheet":"intrastat","index":0,"n_rows":75,"n_cols":25,"rows_kept":75,"cut":false,"hidden":false,"merged":[]}
["DATA","FURNIZOR","CF","CountryOfOrigin","EXP","DeliveryTermsCode","ACode","Bcode","TransportCode","INVNR","VSCODE","NAME","GROUP","UM","Q","PRICE","NETWEIGHT","NETVALUE","SUPPL","SUPPLVALUE","Ppacking","Spacking","Paper","Plastic","Wooden"]
["2023-07-14","ATLAS DIGITAL SA","EL094154295","JP","GR","EXW",1,1.1000000000000001,3,null,"32151100","ROLAND ESL3-440 BK",null,"Buc",3,398.16,1.86,1194.48,2]
["2023-07-14","ATLAS DIGITAL SA","EL094154295","JP","GR","EXW",1,1.1000000000000001,3,null,"32151100","ROLAND EUV5 INK BK 500cc",null,"Buc",1,453.6,0.62,453.6,2]
["2023-07-26","ATLAS DIGITAL SA","EL094154295","JP","GR","EXW",1,1.1000000000000001,3,null,"32151100","ROLAND TEXART INK 1L BK",null,"Buc",2,285,1.24,570,2]
["2023-07-26","ATLAS DIGITAL SA","EL094154295","JP","GR","EXW",1,1.1000000000000001,3,null,"32151100","ROLAND MAX2 ESL4-440 BK",null,"Buc",3,395,1.86,1185,2,{"$f":"1982*0.1","v":198.20000000000002}]
["2023-07-07","ATLAS DIGITAL SA","EL094154295","JP","GR","EXW",1,1.1000000000000001,3,null,"32151900","ROLAND MAX2 ESL4-440 MG",null,"Buc",4,398.16,2.48,1592.64,2]
["2023-07-07","ATLAS DIGITAL SA","EL094154295","JP","GR","EXW",1,1.1000000000000001,3,null,"32151900","ROLAND MAX2 ESL4-440 CY",null,"Buc",3,398.16,1.86,1194.48,2]
["2023-07-07","ATLAS DIGITAL SA","EL094154295","JP","GR","EXW",1,1.1000000000000001,3,null,"32151900","ROLAND MAX2 ESL4-440 YE",null,"Buc",1,398.16,0.62,398.16,2]
["2023-07-14","ATLAS DIGITAL SA","EL094154295","JP","GR","EXW",1,1.1000000000000001,3,null,"32151900","ROLAND EUV PR",null,"Buc",2,332.64,0.94,665.28,2]
["2023-07-14","ATLAS DIGITAL SA","EL094154295","JP","GR","EXW",1,1.1000000000000001,3,null,"32151900","ROLAND EUV5 INK WH 220cc",null,"Buc",1,231.84,0.47,231.84,2]
["2023-07-14","ATLAS DIGITAL SA","EL094154295","JP","GR","EXW",1,1.1000000000000001,3,null,"32151900","ROLAND EUV5 INK OR 500cc",null,"Buc",1,478.8,0.62,478.8,2]
["2023-07-14","ATLAS DIGITAL SA","EL094154295","JP","GR","EXW",1,1.1000000000000001,3,null,"32151900","ROLAND EUV5 INK RE 500cc",null,"Buc",1,478.8,0.62,478.8,2]
["2023-07-14","ATLAS DIGITAL SA","EL094154295","JP","GR","EXW",1,1.1000000000000001,3,null,"32151900","ROLAND MAX2 ESL4-440 YE",null,"Buc",2,398.16,1.24,796.32,2]
["2023-07-14","ATLAS DIGITAL SA","EL094154295","JP","GR","EXW",1,1.1000000000000001,3,null,"32151900","ROLAND TE2 INK MG 500cc",null,"Buc",2,206.64,1.42,413.28,2]
["2023-07-26","ATLAS DIGITAL SA","EL094154295","JP","GR","EXW",1,1.1000000000000001,3,null,"32151900","ROLAND TEXART INK 1L CY",null,"Buc",2,285,1.24,570,2]
["2023-07-26","ATLAS DIGITAL SA","EL094154295","JP","GR","EXW",1,1.1000000000000001,3,null,"32151900","ROLAND TEXART INK 1L MG",null,"Buc",2,285,1.24,570,2]
["2023-07-26","ATLAS DIGITAL SA","EL094154295","JP","GR","EXW",1,1.1000000000000001,3,null,"32151900","ROLAND TEXART INK 1L YE",null,"Buc",2,285,1.24,570,2]
["2023-07-26","ATLAS DIGITAL SA","EL094154295","JP","GR","EXW",1,1.1000000000000001,3,null,"32151900","ROLAND MAX2 ESL4-440 MG",null,"Buc",6,395,3.72,2370,2]
["2023-07-26","ATLAS DIGITAL SA","EL094154295","JP","GR","EXW",1,1.1000000000000001,3,null,"32151900","ROLAND MAX2 ESL4-440 LM",null,"Buc",4,395,2.48,1580,2]
["2023-07-26","ATLAS DIGITAL SA","EL094154295","JP","GR","EXW",1,1.1000000000000001,3,null,"32151900","ROLAND MAX2 ESL4-440 LC",null,"Buc",3,395,1.86,1185,2]
["2023-07-26","ATLAS DIGITAL SA","EL094154295","JP","GR","EXW",1,1.1000000000000001,3,null,"32151900","ROLAND MAX2 ESL4-440 CY",null,"Buc",4,395,2.48,1580,2]
["2023-07-26","ATLAS DIGITAL SA","EL094154295","JP","GR","EXW",1,1.1000000000000001,3,null,"32151900","ROLAND TE2 INK MG 500cc",null,"Buc",10,205,7.1,2050,2]
["2023-07-26","ATLAS DIGITAL SA","EL094154295","JP","GR","EXW",1,1.1000000000000001,3,null,"32151900","ROLAND TE2 INK CY 500cc",null,"Buc",10,205,7.1,2050,2]
["2023-07-26","ATLAS DIGITAL SA","EL094154295","JP","GR","EXW",1,1.1000000000000001,3,null,"32151900","ROLAND MAX2 ESL4-440 YE",null,"Buc",2,395,1.24,790,2]
["2023-07-26","ATLAS DIGITAL SA","EL094154295","JP","GR","EXW",1,1.1000000000000001,3,null,"32151900","ROLAND UV PRIMER GLASS CMR-747 (1000 ml)",null,"Buc",3,210,2.04,630,2,{"$f":"1982*0.3","v":594.6}]
["2023-07-14","ATLAS DIGITAL SA","EL094154295","JP","GR","EXW",1,1.1000000000000001,3,null,"34029090","ROLAND TR2 CLEANING LIQUID_2 500cc",null,"Buc",2,226.8,1.42,453.6,2,{"$f":"1982*0.05","v":99.100000000000009}]
["2023-07-06","ATLAS DIGITAL SA","EL094154295","JP","GR","EXW",1,1.1000000000000001,3,null,"84433900","ROLAND RF-640 PRINTER 64″",null,"Buc",2,31752,270,63504,2,{"$f":"1982*0.5","v":991}]
["2023-07-06","ATLAS DIGITAL SA","EL094154295","JP","GR","EXW",1,1.1000000000000001,3,null,"84439990","ROLAND TAKE UP SYSTEM T1",null,"Buc",1,3704.4,25.8,3704.4,2]
["2023-07-07","ATLAS DIGITAL SA","EL094154295","JP","GR","EXW",1,1.1000000000000001,3,null,"84439990","ROLAND CUTTING BLADE ZEC-U5025 50°/0.25, 5pcs",null,"Buc",1,0,0,0,2]
["2023-07-07","ATLAS DIGITAL SA","EL094154295","JP","GR","EXW",1,1.1000000000000001,3,null,"84439990","ROLAND CABLE-CARD,21P1 330L BB",null,"Buc",3,20.97,0,62.9,2]
["2023-07-07","ATLAS DIGITAL SA","EL094154295","JP","GR","EXW",1,1.1000000000000001,3,null,"84439990","ROLAND ASSY,HEAD INKJET VS-640",null,"Buc",4,7333.2,0,29332.799999999999,2]
["2023-07-07","ATLAS DIGITAL SA","EL094154295","JP","GR","EXW",1,1.1000000000000001,3,null,"84439990","ROLAND DAMPER,INK VS-640_1",null,"Buc",20,278.45999999999998,0,5569.2,2]
["2023-07-07","ATLAS DIGITAL SA","EL094154295","JP","GR","EXW",1,1.1000000000000001,3,null,"84439990","ROLAND XD-CH3",null,"Buc",5,241.92,0,1209.5999999999999,2]
["2023-07-11","ATLAS DIGITAL SA","EL094154295","JP","GR","EXW",1,1.1000000000000001,3,null,"84439990","ROLAND DAMPER,INK VS-640_1",null,"Buc",-8,278.45999999999998,0,-2227.6799999999998,2]
["2023-07-14","ATLAS DIGITAL SA","EL094154295","JP","GR","EXW",1,1.1000000000000001,3,null,"84439990","ROLAND ASSY,HEAD INKJET SOL XC-540 SV2",null,"Buc",1,2273.04,0,2273.04,2]
["2023-07-14","ATLAS DIGITAL SA","EL094154295","JP","GR","EXW",1,1.1000000000000001,3,null,"84439990","ROLAND WIPER,HEAD VS-640/XR-640",null,"Buc",10,78.62,0,786.24,2]
["2023-07-14","ATLAS DIGITAL SA","EL094154295","JP","GR","EXW",1,1.1000000000000001,3,null,"84439990","ROLAND WIPER,HEAD FELT VS-640",null,"Buc",10,45.86,0,458.64,2]
["2023-07-14","ATLAS DIGITAL SA","EL094154295","JP","GR","EXW",1,1.1000000000000001,3,null,"84439990","ROLAND CABLE-CARD,15P1 1900L BB SP-300",null,"Buc",1,88.45,0,88.45,2]
["2023-07-14","ATLAS DIGITAL SA","EL094154295","JP","GR","EXW",1,1.1000000000000001,3,null,"84439990","ROLAND GUIDE,CABLE FLEX-CUT XR-640",null,"Buc",4,14.06,0,56.25,2]
["2023-07-14","ATLAS DIGITAL SA","EL094154295","JP","GR","EXW",1,1.1000000000000001,3,null,"84439990","ROLAND DAMPER,INK VS-640_1",null,"Buc",10,278.45999999999998,0,2784.6,2]
["2023-07-14","ATLAS DIGITAL SA","EL094154295","JP","GR","EXW",1,1.1000000000000001,3,null,"84439990","ROLAND CUTTING BLADE ZEC-U5022 55°/0.25, 2pcs",null,"Buc",6,167.08,0,1002.46,2]
["2023-07-14","ATLAS DIGITAL SA","EL094154295","JP","GR","EXW",1,1.1000000000000001,3,null,"84439990","ROLAND FRAME,PINCH ROLL SG-540",null,"Buc",4,20.97,0,83.87,2]
["2023-07-14","ATLAS DIGITAL SA","EL094154295","JP","GR","EXW",1,1.1000000000000001,3,null,"84439990","ROLAND CABLE-CARD,21P1 385L BB HIGH-V",null,"Buc",1,88.45,0,88.45,2]
["2023-07-26","ATLAS DIGITAL SA","EL094154295","JP","GR","EXW",1,1.1000000000000001,3,null,"84439990","ROLAND ASSY,CAP-TOP VS-640_01",null,"Buc",10,227.5,0,2275,2]
["2023-07-26","ATLAS DIGITAL SA","EL094154295","JP","GR","EXW",1,1.1000000000000001,3,null,"84439990","ROLAND WIPER,HEAD FOR UV INK",null,"Buc",10,48.75,0,487.5,2]
["2023-07-26","ATLAS DIGITAL SA","EL094154295","JP","GR","EXW",1,1.1000000000000001,3,null,"84439990","ROLAND ASSY,CAP-TOP 2 XC-540 (UV ink)",null,"Buc",10,136.5,0,1365,2]
["2023-07-26","ATLAS DIGITAL SA","EL094154295","JP","GR","EXW",1,1.1000000000000001,3,null,"84439990","ROLAND P-ROLLER,TD16S4(B10) TYPE2-2 (EXT)",null,"Buc",10,136.5,0,1365,2]
["2023-07-26","ATLAS DIGITAL SA","EL094154295","JP","GR","EXW",1,1.1000000000000001,3,null,"84439990","ROLAND CUTTING BLADE ZEC-U3100 32°/1.00, 5pcs",null,"Buc",1,614.25,0,614.25,2]
["2023-07-26","ATLAS DIGITAL SA","EL094154295","JP","GR","EXW",1,1.1000000000000001,3,null,"84439990","ROLAND ASSY,HEAD INKJET SOL XC-540 SV2",null,"Buc",2,2255,22,4510,2,{"$f":"1982*0.1","v":198.20000000000002}]
["2023-07-03","BROTHER INT INDUSTRIEMASCHINEN GMBH","DE814895445","JP","DE","EXW",1,1.1000000000000001,3,null,"29094100","BROTHER GTX PRE-TREATMENT 20Kg (17,5 Lt)",null,"Buc",2,2116.96,24,4233.92,2]
["2023-07-10","BROTHER INT INDUSTRIEMASCHINEN GMBH","DE814895445","JP","DE","EXW",1,1.1000000000000001,3,null,"29094100","BROTHER GT-3 PRE-TREATMENT 20Kg (16 Lt)",null,"Buc",1,2358.7199999999998,12,2358.7199999999998,2]
["2023-07-19","BROTHER INT INDUSTRIEMASCHINEN GMBH","DE814895445","JP","DE","EXW",1,1.1000000000000001,3,null,"29094100","BROTHER GTX PRE-TREATMENT 20Kg (17,5 Lt)",null,"Buc",5,2104.38,60,10521.92,2,{"$f":"1845*0.05","v":92.25}]
["2023-07-19","BROTHER INT INDUSTRIEMASCHINEN GMBH","DE814895445","JP","DE","EXW",1,1.1000000000000001,3,null,"32151100","BROTHER GTX INK BLACK 700cc",null,"Buc",12,734.43,16.2,8813.11,2,{"$f":"1845*0.02","v":36.9}]
["2023-07-03","BROTHER INT INDUSTRIEMASCHINEN GMBH","DE814895445","JP","DE","EXW",1,1.1000000000000001,3,null,"32151900","BROTHER GT-3 INK MAGENTA 380cc",null,"Buc",2,625.70000000000005,2.1,1251.3900000000001,2]
["2023-07-03","BROTHER INT INDUSTRIEMASCHINEN GMBH","DE814895445","JP","DE","EXW",1,1.1000000000000001,3,null,"32151900","BROTHER GCX-6W18L WHITE 18L (GTX6)",null,"Buc",1,8650.65,{"$f":"1.05*18","v":18.900000000000002},8650.65,2]
["2023-07-03","BROTHER INT INDUSTRIEMASCHINEN GMBH","DE814895445","JP","DE","EXW",1,1.1000000000000001,3,null,"32151900","BROTHER GTX INK 18L WHITE (GTX BULK)",null,"Buc",1,8650.65,{"$f":"1.05*18","v":18.900000000000002},8650.65,2]
["2023-07-10","BROTHER INT INDUSTRIEMASCHINEN GMBH","DE814895445","JP","DE","EXW",1,1.1000000000000001,3,null,"32151900","BROTHER GT-3 INK WHITE 380cc (2 pcs)",null,"Buc",5,1048.32,11.75,5241.6000000000004,2]
["2023-07-19","BROTHER INT INDUSTRIEMASCHINEN GMBH","DE814895445","JP","DE","EXW",1,1.1000000000000001,3,null,"32151900","BROTHER GTX INK WHITE 700cc (2 pcs)",null,"Buc",30,1229.45,87,36883.449999999997,2]
["2023-07-19","BROTHER INT INDUSTRIEMASCHINEN GMBH","DE814895445","JP","DE","EXW",1,1.1000000000000001,3,null,"32151900","BROTHER GT-3 INK WHITE 380cc (2 pcs)",null,"Buc",5,1044.1600000000001,11.75,5220.8,2]
["2023-07-19","BROTHER INT INDUSTRIEMASCHINEN GMBH","DE814895445","JP","DE","EXW",1,1.1000000000000001,3,null,"32151900","BROTHER GT-3 INK YELLOW 380cc",null,"Buc",2,621.98,2.1,1243.96,2]
["2023-07-19","BROTHER INT INDUSTRIEMASCHINEN GMBH","DE814895445","JP","DE","EXW",1,1.1000000000000001,3,null,"32151900","BROTHER GT-3 INK CYAN 380cc",null,"Buc",2,621.98,2.1,1243.96,2]
["2023-07-19","BROTHER INT INDUSTRIEMASCHINEN GMBH","DE814895445","JP","DE","EXW",1,1.1000000000000001,3,null,"32151900","BROTHER GT-3 INK MAGENTA 380cc",null,"Buc",1,621.98,1.05,621.98,2]
["2023-07-19","BROTHER INT INDUSTRIEMASCHINEN GMBH","DE814895445","JP","DE","EXW",1,1.1000000000000001,3,null,"32151900","BROTHER GTX INK 18L WHITE (GTX BULK)",null,"Buc",1,8599.26,{"$f":"1.05*18","v":18.900000000000002},8599.26,2]
["2023-07-19","BROTHER INT INDUSTRIEMASCHINEN GMBH","DE814895445","JP","DE","EXW",1,1.1000000000000001,3,null,"32151900","BROTHER GTX INK MAGENTA 700cc",null,"Buc",12,734.43,16.2,8813.11,2,{"$f":"1845*0.6","v":1107}]
["2023-07-03","BROTHER INT INDUSTRIEMASCHINEN GMBH","DE814895445","JP","DE","EXW",1,1.1000000000000001,3,null,"34029090","BROTHER GTX GCX-4E02 CLEANING SOL. 1.8L",null,"Buc",12,193.62,49.2,2323.4,2]
["2023-07-19","BROTHER INT INDUSTRIEMASCHINEN GMBH","DE814895445","JP","DE","EXW",1,1.1000000000000001,3,null,"34029090","BROTHER GTX GCX-4E05 CLEANING SOL. 5L",null,"Buc",8,534.63,32.799999999999997,4277.04,2,{"$f":"1845*0.15","v":276.75}]
["2023-07-03","BROTHER INT INDUSTRIEMASCHINEN GMBH","DE814895445","JP","DE","EXW",1,1.1000000000000001,3,null,"84439990","BROTHER WIPER CLEANER - 2pcs (GTX/PRO)",null,"Buc",7,74.239999999999995,0,519.65,2]
["2023-07-03","BROTHER INT INDUSTRIEMASCHINEN GMBH","DE814895445","JP","DE","EXW",1,1.1000000000000001,3,null,"84439990","BROTHER FLUSHING FOAM SET (GTX)",null,"Buc",4,74.239999999999995,0,296.94,2]
["2023-07-06","BROTHER INT INDUSTRIEMASCHINEN GMBH","DE814895445","JP","DE","EXW",1,1.1000000000000001,3,null,"84439990","BROTHER WIPER CLEANER - 2pcs (GTX/PRO)",null,"Buc",1,74.09,0,74.09,2]
["2023-07-06","BROTHER INT INDUSTRIEMASCHINEN GMBH","DE814895445","JP","DE","EXW",1,1.1000000000000001,3,null,"84439990","BROTHER TRANSFOMER 240V-15V",null,"Buc",2,37.6,0,75.2,2]
["2023-07-10","BROTHER INT INDUSTRIEMASCHINEN GMBH","DE814895445","JP","DE","EXW",1,1.1000000000000001,3,null,"84439990","BROTHER GCX-6E18L CLEANING SOLUTION 18L (GTX6)",null,"Buc",1,1568.7,0,1568.7,2]
["2023-07-19","BROTHER INT INDUSTRIEMASCHINEN GMBH","DE814895445","JP","DE","EXW",1,1.1000000000000001,3,null,"84439990","BROTHER FAN FILTER SET (GTX)",null,"Buc",20,14.06,7,281.12,2,{"$f":"1845*0.2","v":369}]
["2023-07-13","IVERSEN GRAPHIC S.L.U.","B64099716","ES","ES","EXW",1,1.1000000000000001,3,null,"84439990","IG DTF FILM D-LUX PRO, 320x450 (250 SHEETS)",null,"Buc",12,356.78,4,4281.38,2,426.35]
["2023-07-05","STAHLS EUROPE GMBH","DE137872290","DE","DE","EXW",1,1.1000000000000001,3,null,"84519000","ST SP,HEAT PLATEN WIRE SET",null,"Buc",1,38.909999999999997,0,38.909999999999997,2]
["2023-07-05","STAHLS EUROPE GMBH","DE137872290","DE","DE","EXW",1,1.1000000000000001,3,null,"84519000","ST SP,HEAT SHRINKABLE TUBE",null,"Buc",6,5.04,2,30.24,2,{"$f":"20*5","v":100}]

{"sheet":"Sheet","index":1,"n_rows":0,"n_cols":0,"rows_kept":0,"cut":false,"hidden":false,"merged":[]}